000 01306nam1a22002411i 4500
001 rc\4603654
005 20240726004913.0
035 _a(NLR Aleph) 008390149
090 _a9172207
_c9172207
100 _a20130416d1959 |||y0rusy50 ca
101 0 _arus
102 _aRU
105 _a z |||||
200 1 _aТруды третьей сессии Объединенного советско-китайского ученого совета по проблеме р. Амур
_e[В 3 т.]
_eТ. 1-3
_fАкад. наук СССР. Совет по изучению производ. сил при Президиуме АН СССР. Амурск. комплексная экспедиция. Акад. наук КНР. Комиссия комплексных экспедиционных исследований. Хейлунцзянская комплексная экспедиция
210 _aМосква
_cБ. и.
_d1959
215 _a3 т.
_d30
300 _aЛитогр.
300 _aТекст на одной стороне листа
710 1 2 _aОбъединенный советско-китайский совет по проблеме р. Амур. Сессия (3; 1959; Москва)
801 0 _aRU
_bNLR
_gpsbo
801 1 _aRU
_bELAR
_2rusmarc
852 _aNLR
_j60-9/3
942 _cBOOK